Music Quiz

Random Music or Clickable Quiz

Lyric match em ups Quiz Stats

 Plays Quiz not verified by Sporcle

Score 0/14 Timer 10:00
0 Plays Today
% Correct
But baby now, take me into your loving arms
92.5%
Wait a minute let me take you there
84%
You will remember me for centuries
82.5%
You already know, I'm in the fast lane.
80%
I wrote this song just looking at you
80%
What are you waiting for?
80%
You can buy me diamond earrings and deny-ny-ny,ny-ny-ny,deny-ny
77.5%
% Correct
I'm hurting baby...
75%
I like it on my feet
75%
I could have another but I probably should not.
75%
you breathe into me at last
65%
I had a friend named Victor
65%
Take me down to the river bend, take me down to the fighting end
65%
Sheets of empty canvas, untouched sheets of clay
65%

You're not logged in!

Compare scores with friends on all Sporcle quizzes.
OR
Log In

You Might Also Like...

Show Comments

Extras

Created May 12, 2015ReportNominate
Tags:Clickable Quiz

Top Quizzes Today


Score Distribution

Your Account Isn't Verified!

In order to create a playlist on Sporcle, you need to verify the email address you used during registration. Go to your Sporcle Settings to finish the process.

Report this User

Report this user for behavior that violates our Community Guidelines.

Details: